Score 0/29 Timer 04:00
0 Plays Today
% Correct
Hyperkalaemia
70.7%
Respiratory acidosis
66.8%
Extracellular fluid
66.6%
Acidosis
66.4%
Intracellular fluid
65.8%
Insensible loss
65.7%
Buffer system
64.8%
Alkalosis
64.5%
Calcium (Ca2+)
62.4%
Isotonic
61.6%
Atrial natriuretic peptide
61%
Metabolic acidosis
60.7%
Metabolic alkalosis
60.2%
Respiratory alkalosis
59.9%
Hypertonic
58.3%
% Correct
Normal saline
57.8%
Hypotonic
57.6%
Antidiuretic hormone
56.9%
Posterior pituitary gland
55.9%
Plasma
54.9%
Aldosterone
54.2%
Adrenal cortex
54.1%
Electrolytes
45.2%
Potassium (K+)
44.9%
Interstitial fluid
40.8%
Tonicity
39.1%
Sodium (Na+)
35.2%
Magnesium (Mg2+)
28.9%
Chloride (Cl-)
25.5%
Remove Ads.
Support Sporcle.
Get the best of Sporcle when you Go Orange. This ad-free experience offers more features, more stats, and more fun while also helping to support Sporcle. Thank you for becoming a member.

You're not logged in!

Compare scores with friends on all Sporcle quizzes.
OR
Log In

Show Comments

Extras

Top Quizzes Today


Score Distribution

Your Account Isn't Verified!

In order to create a playlist on Sporcle, you need to verify the email address you used during registration. Go to your Sporcle Settings to finish the process.

Report this User

Report this user for behavior that violates our Community Guidelines.

Details: